[Event "1. Pfalz Open"]
[Site "Neustadt"]
[Date "2008.02.21"]
[Round "7.13"]
[White "Milov, Leonid"]
[Black "haker johann-Christian"]
[Result "1-0"]
[WhiteElo "2482"]
[BlackElo "2342"]
[PlyCount "81"]
[EventDate "2008.02.15"]
[EventType "swiss"]
[EventRounds "9"]
[EventCountry "GER"]
[Source "lmi"]
[SourceDate "2008.02.15"]

1. e4 c5 2. Nf3 d6 3. d4 cxd4 4. Nxd4 Nf6 5. Nc3 a6 6. Be3 e5 7. Nb3 Be6 8. Qd2
Nbd7 9. f3 Be7 10. O-O-O O-O 11. g4 b5 12. g5 b4 13. gxf6 bxc3 14. Qxc3 Nxf6
15. Na5 Qd7 16. Qc6 Rfc8 17. Qxd7 Nxd7 18. b3 Rc3 19. Kd2 Rcc8 20. Kc1 Rc3 21.
Bd3 d5 22. Bd2 Rc7 23. exd5 Bxd5 24. Rhf1 g6 25. Rde1 Rac8 26. Kb1 Be6 27. Bxa6
Rxc2 28. Bxc8 Rxc8 29. Rc1 Bf5+ 30. Ka1 Ra8 31. Nc6 Bf6 32. Bb4 Re8 33. a4 Nb6
34. Ka2 Nd5 35. Bd2 Bd3 36. Rfe1 Re6 37. Rc5 Nb6 38. Nxe5 Bh4 39. Nxd3 Bxe1 40.
Bxe1 Re3 41. Ba5 1-0

[Event "1. Pfalz Open"]
[Site "Neustadt"]
[Date "2008.02.21"]
[Round "7.14"]
[White "Feibert, Fred"]
[Black "Berelovich, Aleksandar"]
[Result "0-1"]
[WhiteElo "2256"]
[BlackElo "2606"]
[PlyCount "206"]
[EventDate "2008.02.15"]
[EventType "swiss"]
[EventRounds "9"]
[EventCountry "GER"]
[Source "lmi"]
[SourceDate "2008.02.15"]

1. d4 Nf6 2. Nf3 e6 3. Bf4 b6 4. h3 Bb7 5. e3 Be7 6. Be2 O-O 7. O-O c5 8. Nbd2
d5 9. Ne5 Nbd7 10. a4 a6 11. c3 c4 12. Bf3 b5 13. Qb1 Nxe5 14. Bxe5 Nd7 15. Bg3
f5 16. b3 cxb3 17. axb5 axb5 18. Qxb3 Qb6 19. Rfb1 Rxa1 20. Rxa1 Ra8 21. Rb1
Ra5 22. c4 dxc4 23. Nxc4 bxc4 24. Qxb6 Nxb6 25. Rxb6 Bxf3 26. gxf3 c3 27. Rc6
Bc5 28. Bc7 Rb5 29. Bf4 e5 30. dxe5 c2 31. e4 Rb1+ 32. Kg2 c1=Q 33. Bxc1 Rxc1
34. exf5 Ba3 35. Ra6 Be7 36. f4 Kf7 37. Ra7 Rc3 38. f3 h5 39. h4 Rc2+ 40. Kg3
Rb2 41. Kh3 Rb1 42. Kg3 Rb4 43. Rc7 Ke8 44. Ra7 Rd4 45. Ra6 Bd8 46. Ra7 Rd7 47.
Ra6 Rf7 48. Rg6 Kf8 49. f6 gxf6 50. exf6 Bxf6 51. Rh6 Be7 52. Rxh5 Bd6 53. Rd5
Ke7 54. Rd4 Rg7+ 55. Kh3 Ke6 56. f5+ Ke5 57. f6 Rf7 58. Rd3 Rxf6 59. h5 Kf4 60.
Kg2 Rh6 61. Rd4+ Kf5 62. Rh4 Bf4 63. Rh3 Ra6 64. Kf1 Re6 65. Kf2 Bg5 66. Kf1
Kf4 67. Kf2 Ra6 68. Ke2 Rd6 69. Rh1 Re6+ 70. Kf2 Ra6 71. Ke2 Ra2+ 72. Kd3 Kxf3
73. h6 Ra8 74. h7 Rh8 75. Kd4 Kg4 76. Ke5 Bh4 77. Kd5 Rxh7 78. Kc6 Rh5 79. Rd1
Bg3 80. Rd7 Kf5 81. Rf7+ Ke6 82. Rg7 Be5 83. Rg6+ Bf6 84. Rg2 Rh8 85. Re2+ Be5
86. Rg2 Rc8+ 87. Kb7 Rc7+ 88. Kb6 Rc1 89. Rd2 Bd6 90. Rg2 Rc4 91. Kb5 Rc8 92.
Kb6 Bf4 93. Rg4 Be5 94. Rg2 Kd5 95. Rd2+ Bd4+ 96. Kb7 Rh8 97. Rg2 Rh7+ 98. Ka8
Bc5 99. Rg6 Bd6 100. Rg7 Rh8+ 101. Kb7 Rb8+ 102. Ka7 Kc6 103. Rg2 Rh8 0-1

[Event "1. Pfalz Open"]
[Site "Neustadt"]
[Date "2008.02.21"]
[Round "7.15"]
[White "Meier, Volker"]
[Black "Kempinski, Robert"]
[Result "0-1"]
[WhiteElo "2246"]
[BlackElo "2590"]
[PlyCount "116"]
[EventDate "2008.02.15"]
[EventType "swiss"]
[EventRounds "9"]
[EventCountry "GER"]
[Source "lmi"]
[SourceDate "2008.02.15"]

1. e4 c5 2. Nf3 d6 3. d4 cxd4 4. Qxd4 a6 5. c4 Nc6 6. Qd2 g6 7. b3 Bg7 8. Bb2
Bxb2 9. Qxb2 Nf6 10. Nbd2 Qa5 11. Bd3 Bg4 12. O-O O-O 13. a3 Bxf3 14. Nxf3 Qb6
15. Rfe1 Nd7 16. Bf1 a5 17. Rad1 Rfc8 18. Re3 Nde5 19. Nd4 Nxd4 20. Qxd4 Rc5
21. Kh1 Rd8 22. f4 Nc6 23. Qd2 f6 24. Rh3 e5 25. f5 g5 26. b4 axb4 27. axb4
Qxb4 28. Qxb4 Nxb4 29. Rb1 Na6 30. Rxb7 Rc7 31. Rxc7 Nxc7 32. Ra3 Kf8 33. Ra7
Rc8 34. Kg1 Ke8 35. Kf2 Kd7 36. Ra3 h5 37. Rh3 h4 38. g3 hxg3+ 39. hxg3 Kc6 40.
Rh7 Rf8 41. Be2 Na6 42. Ke3 Nc5 43. Bh5 Ra8 44. Bf7 Ra3+ 45. Ke2 Na4 46. Rh6
Nc3+ 47. Kf3 Kc5 48. Ke3 g4 49. Rg6 Ra2 50. Rxf6 Rg2 51. Bd5 Rxg3+ 52. Kd2 Rf3
53. Rg6 g3 54. f6 Nxd5 55. cxd5 Kd4 56. f7 Rf2+ 57. Ke1 Rxf7 58. Rxd6 g2 0-1

[Event "1. Pfalz Open"]
[Site "Neustadt"]
[Date "2008.02.22"]
[Round "8.1"]
[White "Greenfeld, Alon"]
[Black "Postny, Evgeny"]
[Result "1/2-1/2"]
[WhiteElo "2559"]
[BlackElo "2627"]
[PlyCount "23"]
[EventDate "2008.02.15"]
[EventType "swiss"]
[EventRounds "9"]
[EventCountry "GER"]
[Source "lmi"]
[SourceDate "2008.02.15"]

1. d4 d5 2. c4 c6 3. Nf3 Nf6 4. Nc3 dxc4 5. a4 e6 6. e3 c5 7. Bxc4 Nc6 8. O-O
Be7 9. Qe2 cxd4 10. Rd1 O-O 11. Nxd4 Qc7 12. Nxc6 1/2-1/2

[Event "1. Pfalz Open"]
[Site "Neustadt"]
[Date "2008.02.22"]
[Round "8.2"]
[White "Markowski, Tomasz"]
[Black "Graf, Alexander"]
[Result "1-0"]
[WhiteElo "2585"]
[BlackElo "2586"]
[PlyCount "70"]
[EventDate "2008.02.15"]
[EventType "swiss"]
[EventRounds "9"]
[EventCountry "GER"]
[Source "lmi"]
[SourceDate "2008.02.15"]

1. g3 e5 2. c4 Nf6 3. Bg2 d5 4. cxd5 Nxd5 5. Nf3 Nc6 6. O-O Nb6 7. Nc3 Be7 8.
d3 O-O 9. Be3 Be6 10. Rc1 f6 11. Na4 Qd7 12. Bc5 e4 13. Ne1 Nxa4 14. Qxa4 Bxc5
15. Rxc5 Qd6 16. Rc2 Nb4 17. Rd2 e3 18. fxe3 Qb6 19. d4 Bxa2 20. Nd3 a5 21. Nc5
Bf7 22. Bxb7 Rab8 23. Bf3 Rfe8 24. e4 Na6 25. Nxa6 Qxa6 26. Rc1 Qd6 27. e3 Rb4
28. Qxa5 Rb6 29. Qc5 Bg6 30. Qxc7 Qxc7 31. Rxc7 Bxe4 32. Bxe4 Rxe4 33. Kf2 Rb3
34. Rc3 Rb7 35. Rdc2 Ree7 1-0

[Event "1. Pfalz Open"]
[Site "Neustadt"]
[Date "2008.02.22"]
[Round "8.8"]
[White "Berelovich, Aleksandar"]
[Black "Lauber, Arnd"]
[Result "1-0"]
[WhiteElo "2606"]
[BlackElo "2417"]
[PlyCount "67"]
[EventDate "2008.02.15"]
[EventType "swiss"]
[EventRounds "9"]
[EventCountry "GER"]
[Source "lmi"]
[SourceDate "2008.02.15"]

1. e4 c6 2. d4 d5 3. Nc3 dxe4 4. Nxe4 Bf5 5. Ng3 Bg6 6. h4 h6 7. Nf3 e6 8. h5
Bh7 9. Bd3 Bxd3 10. Qxd3 Nf6 11. Bd2 Be7 12. O-O-O O-O 13. Qe2 Nbd7 14. Rhe1 c5
15. Nf5 exf5 16. Qxe7 Qxe7 17. Rxe7 Rfe8 18. Rxe8+ Rxe8 19. Be3 Ng4 20. dxc5
Ndf6 21. Bd4 Nxh5 22. Re1 Rxe1+ 23. Nxe1 a6 24. Nd3 g5 25. b4 Kf8 26. c4 Ke7
27. b5 axb5 28. cxb5 f6 29. a4 Ng7 30. a5 Ne6 31. c6 bxc6 32. b6 Kd8 33. a6 Kc8
34. Nc5 1-0

[Event "1. Pfalz Open"]
[Site "Neustadt"]
[Date "2008.02.22"]
[Round "8.9"]
[White "Kempinski, Robert"]
[Black "Morawietz, Dieter"]
[Result "1-0"]
[WhiteElo "2590"]
[BlackElo "2424"]
[PlyCount "83"]
[EventDate "2008.02.15"]
[EventType "swiss"]
[EventRounds "9"]
[EventCountry "GER"]
[Source "lmi"]
[SourceDate "2008.02.15"]

1. Nf3 Nf6 2. c4 e6 3. Nc3 b6 4. g3 Bb7 5. Bg2 Bb4 6. Qc2 a5 7. b3 O-O 8. Bb2
d5 9. cxd5 exd5 10. O-O Re8 11. e3 Nbd7 12. Rfd1 Bf8 13. Rac1 c6 14. Qb1 Rc8
15. Ne2 Nc5 16. d3 Ne6 17. Qa1 Nd7 18. Nfd4 Nxd4 19. Nxd4 g6 20. Bh3 c5 21. Nb5
d4 22. exd4 Ne5 23. dxe5 Qd5 24. Kf1 Bh6 25. Ke1 Qh1+ 26. Bf1 Bg2 27. f4 Qxf1+
28. Kd2 Qf2+ 29. Kc3 Rcd8 30. Rd2 Qf3 31. Kc2 Bf8 32. Re1 Bh3 33. Nd6 Rxd6 34.
exd6 Rd8 35. Be5 Bf5 36. Qc3 Qc6 37. Kb2 h5 38. d4 Rxd6 39. Bxd6 Bxd6 40. dxc5
Bf8 41. Rd8 Be6 42. Rxe6 1-0

[Event "1. Pfalz Open"]
[Site "Neustadt"]
[Date "2008.02.22"]
[Round "8.11"]
[White "Chernov, Vadim"]
[Black "Brener, Ilja"]
[Result "1/2-1/2"]
[WhiteElo "2505"]
[BlackElo "2394"]
[PlyCount "82"]
[EventDate "2008.02.15"]
[EventType "swiss"]
[EventRounds "9"]
[EventCountry "GER"]
[Source "lmi"]
[SourceDate "2008.02.15"]

1. e4 e5 2. Nf3 Nc6 3. Bb5 a6 4. Bxc6 dxc6 5. O-O f6 6. d4 exd4 7. Nxd4 c5 8.
Nb3 Qxd1 9. Rxd1 Bg4 10. f3 Be6 11. Bf4 c4 12. Nd4 O-O-O 13. Nc3 Bf7 14. Nf5
Rxd1+ 15. Rxd1 Ne7 16. Bd6 Nxf5 17. Bxf8 Rxf8 18. exf5 g6 19. Ne4 Be8 20. Rd4
gxf5 21. Ng3 Bg6 22. Ne2 b5 23. Kf2 Re8 24. c3 Re5 25. h4 Bf7 26. Ng3 a5 27.
Rf4 Be6 28. Nh5 b4 29. Nxf6 h6 30. Rd4 Rb5 31. Rd2 a4 32. cxb4 Rxb4 33. Ke3 c3
34. bxc3 Rxh4 35. Nd5 c5 36. f4 Kb7 37. c4 Kc6 38. Ne7+ Kc7 39. Nd5+ Kc6 40.
Ne7+ Kc7 41. Nd5+ Kc6 1/2-1/2

[Event "1. Pfalz Open"]
[Site "Neustadt"]
[Date "2008.02.22"]
[Round "8.13"]
[White "Djuric, Stefan"]
[Black "Bongartz, Philipp"]
[Result "1-0"]
[WhiteElo "2448"]
[BlackElo "1993"]
[PlyCount "67"]
[EventDate "2008.02.15"]
[EventType "swiss"]
[EventRounds "9"]
[EventCountry "GER"]
[Source "lmi"]
[SourceDate "2008.02.15"]

1. Nf3 f5 2. g3 Nf6 3. Bg2 g6 4. O-O Bg7 5. d4 O-O 6. d5 c6 7. c4 cxd5 8. cxd5
d6 9. Nc3 Na6 10. Be3 Bd7 11. Rc1 b5 12. a3 b4 13. axb4 Nxb4 14. Qd2 Ng4 15.
Bd4 Bh6 16. e3 a5 17. h3 Nf6 18. Bxf6 Rxf6 19. Nd4 Qe8 20. Nce2 g5 21. f4 gxf4
22. exf4 Rc8 23. Kh2 Rf8 24. Rxc8 Qxc8 25. Rc1 Qb8 26. Nc6 Bxc6 27. dxc6 Qb6
28. c7 Rc8 29. Qd4 Qb5 30. Nc3 Qa6 31. Nd5 e5 32. Nxb4 axb4 33. Qd5+ Kg7 34.
Rc6 1-0

[Event "1. Pfalz Open"]
[Site "Neustadt"]
[Date "2008.02.22"]
[Round "8.14"]
[White "Helbig, Mark"]
[Black "Moldovan, Daniel"]
[Result "1/2-1/2"]
[WhiteElo "2343"]
[BlackElo "2446"]
[PlyCount "38"]
[EventDate "2008.02.15"]
[EventType "swiss"]
[EventRounds "9"]
[EventCountry "GER"]
[Source "lmi"]
[SourceDate "2008.02.15"]

1. d4 Nf6 2. c4 c5 3. d5 g6 4. Nc3 Bg7 5. g3 d6 6. Bg2 O-O 7. Nf3 e6 8. O-O
exd5 9. cxd5 Na6 10. Nd2 Nc7 11. a4 b6 12. Nc4 Ba6 13. Na3 Qd7 14. h3 Rab8 15.
Re1 b5 16. axb5 Nxb5 17. Naxb5 Bxb5 18. Nxb5 Rxb5 19. Qa4 a5 1/2-1/2

[Event "1. Pfalz Open"]
[Site "Neustadt"]
[Date "2008.02.22"]
[Round "8.15"]
[White "Schulze, Ulrich"]
[Black "Kekelidze, Mikheil"]
[Result "0-1"]
[WhiteElo "2316"]
[BlackElo "2454"]
[PlyCount "70"]
[EventDate "2008.02.15"]
[EventType "swiss"]
[EventRounds "9"]
[EventCountry "GER"]
[Source "lmi"]
[SourceDate "2008.02.15"]

1. d4 d6 2. c4 f5 3. Nf3 Nf6 4. g3 g6 5. Bg2 Bg7 6. O-O O-O 7. Nc3 Nc6 8. d5
Ne5 9. Nxe5 dxe5 10. b4 h6 11. Qb3 g5 12. Bb2 Kh8 13. Rfd1 f4 14. Ne4 Nxe4 15.
Bxe4 Qe8 16. Qd3 Qh5 17. Bg6 Qh3 18. Rf1 Bg4 19. Be4 Qh5 20. Bf3 Bxf3 21. exf3
g4 22. fxg4 Qxg4 23. f3 Qh3 24. g4 h5 25. Qg6 hxg4 26. Qxg4 Qxg4+ 27. fxg4 e4
28. Bxg7+ Kxg7 29. Rae1 e3 30. Kg2 b5 31. Kf3 bxc4 32. Ke4 c6 33. dxc6 e5 34.
Kxe5 f3 35. Rxe3 Rae8+ 0-1

[Event "1. Pfalz Open"]
[Site "Neustadt"]
[Date "2008.02.23"]
[Round "9.6"]
[White "Graf, Alexander"]
[Black "Teske, Henrik"]
[Result "1/2-1/2"]
[WhiteElo "2586"]
[BlackElo "2493"]
[PlyCount "131"]
[EventDate "2008.02.15"]
[EventType "swiss"]
[EventRounds "9"]
[EventCountry "GER"]
[Source "lmi"]
[SourceDate "2008.02.15"]

1. d4 d5 2. c4 dxc4 3. Nf3 Nf6 4. e3 Bg4 5. Bxc4 e6 6. O-O a6 7. h3 Bh5 8. Be2
c5 9. Nbd2 Nc6 10. dxc5 Bxc5 11. a3 Nd5 12. Ne4 Ba7 13. Bd2 Bg6 14. Nc3 O-O 15.
Rc1 Nxc3 16. Bxc3 Qxd1 17. Rfxd1 Rfd8 18. Nd2 Bd3 19. Bf3 Rac8 20. Nb3 Bb5 21.
Na5 Nxa5 22. Bxa5 b6 23. Rxc8 Rxc8 24. Bc3 Kf8 25. Rd4 a5 26. Bb7 Rc7 27. Be4
f5 28. Bd3 Bd7 29. Rh4 h6 30. Kf1 Kf7 31. Ke2 Bb8 32. Be5 Rc8 33. Bxb8 Rxb8 34.
Rd4 Ke7 35. e4 fxe4 36. Rxe4 Rc8 37. Rg4 g5 38. h4 Kf6 39. hxg5+ hxg5 40. Rd4
Bc6 41. g3 Bd5 42. b4 axb4 43. Rxb4 Ra8 44. a4 Bc6 45. Bc2 Ra5 46. Rc4 Bd7 47.
Kf3 Rd5 48. Rc7 Be8 49. Rc8 Bd7 50. Rf8+ Ke7 51. Rb8 Rc5 52. Bd1 Rd5 53. Ke2
Rd4 54. Rb7 Kf6 55. Ra7 Be8 56. Bc2 Bg6 57. Ke3 e5 58. Bxg6 Kxg6 59. f3 g4 60.
f4 Rb4 61. fxe5 Kf5 62. a5 bxa5 63. Rxa5 Rc4 64. Kd3 Rb4 65. Ke3 Rc4 66. Kd3
1/2-1/2

[Event "1. Pfalz Open"]
[Site "Neustadt"]
[Date "2008.02.23"]
[Round "9.9"]
[White "Milov, Leonid"]
[Black "Drozdovskij, Yuri"]
[Result "1-0"]
[WhiteElo "2482"]
[BlackElo "2574"]
[PlyCount "67"]
[EventDate "2008.02.15"]
[EventType "swiss"]
[EventRounds "9"]
[EventCountry "GER"]
[Source "lmi"]
[SourceDate "2008.02.15"]

1. e4 e6 2. Nf3 d5 3. Nc3 Nf6 4. e5 Nfd7 5. d4 c5 6. Ne2 Nc6 7. c3 b5 8. Nf4
Qb6 9. Be2 cxd4 10. cxd4 g5 11. Nxg5 Qxd4 12. Nd3 Ndxe5 13. O-O Nxd3 14. Bxd3
Bd7 15. Be3 Qxb2 16. Rb1 Qg7 17. Bxb5 Be7 18. f4 h6 19. Nf3 Rc8 20. Rc1 Rg8 21.
Rf2 Ba3 22. Rxc6 Bxc6 23. Bxc6+ Rxc6 24. Ne5 Rc3 25. Qa4+ Ke7 26. Qxa7+ Kf6 27.
g4 Qh7 28. Bd4 Rc1+ 29. Kg2 Qe4+ 30. Kh3 Be7 31. Nf3+ e5 32. Bxe5+ Kg6 33. Qxe7
Rg7 34. Qf6+ 1-0

[Event "1. Pfalz Open"]
[Site "Neustadt"]
[Date "2008.02.23"]
[Round "9.10"]
[White "Moldovan, Daniel"]
[Black "Djuric, Stefan"]
[Result "1/2-1/2"]
[WhiteElo "2446"]
[BlackElo "2448"]
[PlyCount "89"]
[EventDate "2008.02.15"]
[EventType "swiss"]
[EventRounds "9"]
[EventCountry "GER"]
[Source "lmi"]
[SourceDate "2008.02.15"]

1. e4 c6 2. d4 g6 3. Nc3 Bg7 4. Nf3 d6 5. a4 Nf6 6. Be2 O-O 7. O-O Qc7 8. Be3
a5 9. Nd2 Nbd7 10. f4 e6 11. Bd3 b6 12. Qf3 Bb7 13. Rae1 Rad8 14. Bf2 e5 15.
dxe5 dxe5 16. f5 Nc5 17. Bxc5 bxc5 18. Nd1 Ba6 19. Nf2 Qb6 20. b3 Bxd3 21. cxd3
Qb4 22. Nc4 Nh5 23. Rb1 Rd4 24. g3 Rfd8 25. Rfd1 R4d7 26. Kg2 Qc3 27. Rdc1 Qb4
28. Qe2 Rd4 29. Qe1 Qxe1 30. Rxe1 Ra8 31. Rbc1 f6 32. Rc2 Bf8 33. Kf3 Ng7 34.
g4 Kf7 35. Ke2 Ne8 36. fxg6+ hxg6 37. g5 Nd6 38. Nxd6+ Bxd6 39. gxf6 Rb4 40.
Rc3 Kxf6 41. Ng4+ Ke6 42. Rg1 Rh8 43. Rg2 Rbb8 44. Ne3 Rh6 45. Ng4 1/2-1/2

[Event "1. Pfalz Open"]
[Site "Neustadt"]
[Date "2008.02.23"]
[Round "9.11"]
[White "Piasetski, Leon"]
[Black "Chernov, Vadim"]
[Result "1/2-1/2"]
[WhiteElo "2308"]
[BlackElo "2505"]
[PlyCount "103"]
[EventDate "2008.02.15"]
[EventType "swiss"]
[EventRounds "9"]
[EventCountry "GER"]
[Source "lmi"]
[SourceDate "2008.02.15"]

1. d4 Nf6 2. Nf3 e6 3. c4 Nc6 4. Nc3 Bb4 5. Qc2 d6 6. a3 Bxc3+ 7. Qxc3 O-O 8.
e3 a5 9. b3 Qe7 10. Bb2 Re8 11. Qc2 e5 12. d5 Nb8 13. e4 Na6 14. Nd2 Bd7 15.
Be2 c6 16. O-O cxd5 17. cxd5 Rec8 18. Qb1 b5 19. Rc1 Qd8 20. Qd3 Qb6 21. Rxc8+
Rxc8 22. Rc1 Rxc1+ 23. Bxc1 Nc5 24. Qe3 b4 25. Nc4 Qc7 26. axb4 axb4 27. f3 Bb5
28. Bd2 Qa7 29. Bxb4 Qa1+ 30. Kf2 Bxc4 31. bxc4 Nfd7 32. Qa3 Qd4+ 33. Kf1 f5
34. exf5 Qf4 35. Qa8+ Kf7 36. Qa7 Kf6 37. Qc7 e4 38. g3 Qc1+ 39. Kf2 e3+ 40.
Kg2 Qb2 41. Qxd6+ Kf7 42. Bxc5 Qxe2+ 43. Kh3 Nxc5 44. Qxc5 Qxf3 45. Qc7+ Kf6
46. Qd6+ Kxf5 47. Qe6+ Kg5 48. Qe5+ Kh6 49. d6 g5 50. Qe6+ Kh5 51. Qe8+ Kh6 52.
Qe6+ 1/2-1/2

[Event "1. Pfalz Open"]
[Site "Neustadt"]
[Date "2008.02.23"]
[Round "9.12"]
[White "Kekelidze, Mikheil"]
[Black "Nekrasov, Mihail"]
[Result "1-0"]
[WhiteElo "2454"]
[BlackElo "2375"]
[PlyCount "27"]
[EventDate "2008.02.15"]
[EventType "swiss"]
[EventRounds "9"]
[EventCountry "GER"]
[Source "lmi"]
[SourceDate "2008.02.15"]

1. d4 d5 2. c4 e6 3. Nc3 c6 4. e4 dxe4 5. Nxe4 Bb4+ 6. Bd2 Qxd4 7. Bxb4 Qxe4+
8. Be2 Na6 9. Bd6 Qxg2 10. Qd2 Nf6 11. Bf3 Qg6 12. Ne2 Ne4 13. Bxe4 Qxe4 14.
Qg5 1-0

[Event "1. Pfalz Open"]
[Site "Neustadt"]
[Date "2008.02.23"]
[Round "9.13"]
[White "Agopov, Mikael"]
[Black "Helbig, Mark"]
[Result "1/2-1/2"]
[WhiteElo "2444"]
[BlackElo "2343"]
[PlyCount "104"]
[EventDate "2008.02.15"]
[EventType "swiss"]
[EventRounds "9"]
[EventCountry "GER"]
[Source "lmi"]
[SourceDate "2008.02.15"]

1. d4 Nf6 2. c4 e6 3. Nf3 b6 4. g3 Bb7 5. Bg2 Be7 6. Nc3 O-O 7. d5 Bb4 8. O-O
Bxc3 9. bxc3 exd5 10. Nh4 Re8 11. cxd5 d6 12. c4 Nbd7 13. Bb2 Nc5 14. Re1 Bc8
15. Qc2 Bd7 16. e4 Ba4 17. Qc3 Bd7 18. Qd4 Na4 19. Ba3 Qe7 20. f4 Ng4 21. Nf3
f6 22. Qd2 Nc5 23. Nd4 Nh6 24. Rac1 Rab8 25. h3 Kh8 26. Kh2 Rf8 27. Rc3 Rbe8
28. Rce3 Nf7 29. Bb2 Kg8 30. Bf3 Qd8 31. Bh5 g6 32. Bf3 Nh6 33. Ba1 Re7 34. Bg2
Rfe8 35. Nb3 Rf7 36. Nxc5 bxc5 37. Bf3 Ref8 38. g4 Qe7 39. Rg1 g5 40. Re2 Rg7
41. fxg5 Rxg5 42. Qf4 Rg6 43. Re3 Bc8 44. h4 Qg7 45. h5 Rg5 46. Be2 Bxg4 47.
Reg3 Bxe2 48. Rxg5 fxg5 49. Qe3 Ng4+ 50. Rxg4 Qxa1 51. Rxg5+ Kh8 52. Qxe2 Qd4
1/2-1/2

[Event "1. Pfalz Open"]
[Site "Neustadt"]
[Date "2008.02.23"]
[Round "9.14"]
[White "Brener, Ilja"]
[Black "Kopylova, Natalia"]
[Result "1-0"]
[WhiteElo "2394"]
[BlackElo "1845"]
[PlyCount "61"]
[EventDate "2008.02.15"]
[EventType "swiss"]
[EventRounds "9"]
[EventCountry "GER"]
[Source "lmi"]
[SourceDate "2008.02.15"]

1. Nf3 Nf6 2. c4 g6 3. Nc3 d5 4. Qa4+ Bd7 5. Qb3 dxc4 6. Qxc4 a6 7. d4 b5 8.
Qb3 Be6 9. Qc2 c5 10. dxc5 Nc6 11. e4 Qc7 12. Be2 Bg7 13. O-O O-O 14. h3 Rfd8
15. Be3 Rab8 16. a3 b4 17. axb4 Nxb4 18. Qc1 Qc8 19. Rd1 Nd7 20. Ra3 Qc6 21.
Qd2 Qc7 22. Qc1 Qc6 23. Nd5 Re8 24. Nxb4 Rxb4 25. Rxa6 Qxe4 26. Ng5 Qe5 27.
Nxe6 Nb8 28. Nxg7 Rc8 29. Ra3 Rxb2 30. Bd4 Qxe2 31. Bxb2 1-0

[Event "1. Pfalz Open"]
[Site "Neustadt"]
[Date "2008.02.23"]
[Round "9.15"]
[White "Meiser, Markus"]
[Black "Kopylov, Mihail"]
[Result "1/2-1/2"]
[WhiteElo "2187"]
[BlackElo "2457"]
[PlyCount "94"]
[EventDate "2008.02.15"]
[EventType "swiss"]
[EventRounds "9"]
[EventCountry "GER"]
[Source "lmi"]
[SourceDate "2008.02.15"]

1. d4 Nf6 2. c4 c5 3. d5 e6 4. Nc3 exd5 5. cxd5 d6 6. e4 g6 7. Nf3 Bg7 8. Be2
O-O 9. Nd2 Re8 10. O-O Na6 11. Re1 Nc7 12. a4 b6 13. h3 Rb8 14. Bf1 Nh5 15. Nf3
a6 16. Bg5 Nf6 17. Qd2 Bb7 18. Qf4 Ba8 19. Rad1 b5 20. axb5 Nxb5 21. Bxb5 axb5
22. e5 dxe5 23. Nxe5 h6 24. Bxh6 b4 25. Bxg7 Kxg7 26. Ne4 Rb6 27. Ng5 Re7 28.
Ngxf7 Rxf7 29. Nxf7 Kxf7 30. d6 Rb7 31. Qc4+ Kg7 32. Qxc5 Rf7 33. Rd4 Nd7 34.
Qxb4 Qf6 35. Rd2 Qg5 36. Qc3+ Kh7 37. g3 Qf5 38. g4 Qf4 39. Qe3 Qb4 40. Red1
Qb7 41. f4 Nf6 42. Kh2 Ne4 43. d7 Nxd2 44. Rxd2 Rxd7 45. Rxd7+ Qxd7 46. Kg3 Bc6
47. Qe5 Qb7 1/2-1/2